Score 0/16 Timer 04:00
2 Plays Today
% Correct
Kate Winslet and Leonardo DiCaprio
89.1%
The Beatles
89%
Michael Jordan
87.5%
Jim Carrey
83.2%
Julia Roberts
81.9%
Adam Sandler
80.5%
Richard Nixon
77.6%
Serena Williams
71.1%
% Correct
Pierce Brosnan
67.1%
Robert Pattinson
65.5%
Michael Caine
55.4%
Liza Minnelli
51.1%
Prince William
49.4%
Sylvester Stallone
40.1%
Jennifer Garner
38.3%
Hugh Jackman
36.1%
Remove Ads.
Support Sporcle.
Get the best of Sporcle when you Go Orange. This ad-free experience offers more features, more stats, and more fun while also helping to support Sporcle. Thank you for becoming a member.

You're not logged in!

Compare scores with friends on all Sporcle quizzes.
OR
Log In

Show Comments

Extras

Top Quizzes Today


Score Distribution

Your Account Isn't Verified!

In order to create a playlist on Sporcle, you need to verify the email address you used during registration. Go to your Sporcle Settings to finish the process.

Report this User

Report this user for behavior that violates our Community Guidelines.

Details: